• 首页
  • 本馆介绍
  • 公告通知
  • 最新文献
  • 馆藏检索
  • 电子资源
  • 读者导购
  • 参考咨询
  • 我的图书馆
  • 登录
  • 详细信息显示
  • 放入我的书架
  • 预约/预借图书
  • 作者相关作品
  • 分类相关作品
  • 丛书相关作品
  • 出版社相关作品

书目信息

  • 表格格式
  • 工作单格式
  • 卡片格式
题名:
姓名论
    
 
作者: 纳日碧力戈 著
分册:  
出版信息: 北京   社会科学文献出版社  1997.09
页数: 273页
开本: 20cm
丛书名: 中国社会科学院青年学者文库
单 册:
中图分类: K810.2
科图分类:
主题词: 谱系学
电子资源:
ISBN: 7-80050-914-1
000 00660nam2 2200229 45
001 0204231425
005 20041206160329.6
010    @a7-80050-914-1@dCNY16.00
100    @a20020423d1997 km y0chiy0120 ea
101 0  @achi
105    @a z 000yy
200 1  @a姓名论@AXing Ming Lun@f纳日碧力戈著@FNa Ri Bi Li Ge Zhu
210    @a北京@c社会科学文献出版社@d1997.09
215    @a273页@d20cm
225    @a中国社会科学院青年学者文库@f胡绳主编
410    @12001 @a中国社会科学院青年学者文库
410    @1700 0@a胡绳@AHu Sheng@4主编
606 0  @a谱系学
690    @aK810.2@v4
701    @a纳日碧力戈@4著
801    @aCN@bTSTC@c20020423
905    @dK810.2@e11
    
    姓名论/纳日碧力戈著.-北京:社会科学文献出版社,1997.09
    273页;20cm.-(中国社会科学院青年学者文库/胡绳主编)
    
    
    ISBN 7-80050-914-1:CNY16.00
    
●
相关链接 在E读中查询图书 在五车中查询图书 在当当中查询图书 在豆瓣中查询图书


正题名:姓名论     索取号:K810.2/11         预约/预借

序号 登录号 条形码 馆藏地/架位号 状态 备注
1 0308951   203089512   第二借阅区/ [索取号:K810.2/11] 在馆    
2 0308952   203089521   第二借阅区/ [索取号:K810.2/11] 在馆    
3 0308953   203089530   第二借阅区/ [索取号:K810.2/11] 在馆    
4 0308954   203089549   第二借阅区/ [索取号:K810.2/11] 在馆    
5 0308955   203089558   第二样本阅览室/ [索取号:K810.2/11] 在馆    
唐山师范学院图书馆 欢迎您!
大连网信软件有限公司© 版权所有